| 000 | 00558nam a22001817a 4500 | ||
|---|---|---|---|
| 999 |
_c57504 _d57504 |
||
| 005 | 20200807120530.0 | ||
| 008 | 200629s2016 eng||||| |||| 00| 0 enk d | ||
| 020 | _a9781537264318 | ||
| 041 | _aeng | ||
| 080 | _a004. 41 S-81 | ||
| 100 |
_aStanek, William _99127 |
||
| 245 |
_aWindows Server 2016: _bThe Administrator's Reference _cWilliam Stanek. |
||
| 264 |
_aWashington, _b2016. |
||
| 300 |
_a806 p. _b25 cm. |
||
| 653 | _aკომპიუტერული ტექნოლოგიები | ||
| 653 | _aცნობარი | ||
| 942 |
_2udc _cBK |
||